Alle Städte in NRW nach Buchstabe - A - Statistiken

Allgemein
  • Dieses Quiz wurde 186 mal gespielt
  • Das Durchschnittsergebnis liegt bei 7 aus 15
Antworten auf der Karte
Die Antworten werden auf der Karte rot bzw. grün angezeigt, abhängig davon wie oft sie richtig erraten wurden.
 
Antwortstatistiken
Name % Korrekt
Aachen
96%
Arnsberg
79%
Ahlen
77%
Ahaus
51%
Alsdorf
47%
Attendorn
46%
Altena
44%
Alpen
42%
Alfter
38%
Altenbeken
35%
Ascheberg
32%
Altenberge
30%
Aldenhoven
27%
Anröchte
26%
Augustdorf
21%
Keine übereinstimmenden Quizze gefunden
Verteilung der Resultate
Anzahl Personen mit jedem Resultat
Perzentil nach korrekt beantworteten Fragen
Ihre Resultats-Entwicklung
Sie haben dieses Quiz noch nicht gespielt